00422nam a2200169Ia 4500008004100000020001800041041000800059082001900067100001900086245003200105250000600137260004300143300000800186365001100194650001800205650002900223140306s9999 xx 000 0 und d a81 85416 31 7 aeng a658 .8bDAV/MO aDavar, Rustoms aModern marketing management a7 aNew DelhibUniversal Book Stallc 1992 a694 bRs .95 aMarket system amarketing administration